[Event "Württ Kandidatenturnier"]
[Site "Stuttgart"]
[Date "2015.08.29"]
[Round "1.1"]
[White "Mareck, Sascha"]
[Black "Schömbs, Oliver"]
[Result "1-0"]
[WhiteElo "2165"]
[BlackElo "1917"]
[PlyCount "53"]
[EventDate "2015.??.??"]
[EventCountry "GER"]
[WhiteTeam "SV Nürtingen"]
[BlackTeam "SC Ingersheim"]

1. d4 Nf6 2. Nf3 g6 3. c4 c5 4. d5 b5 5. Qc2 d6 6. e4 Nbd7 7. cxb5 a6 8. Nc3
Bg7 9. a4 O-O 10. Be2 a5 11. O-O Qc7 12. h3 Nb6 13. Bf4 Nh5 14. Bh2 f5 15. Ng5
Bxc3 16. bxc3 Ng7 17. e5 dxe5 18. Rad1 Rf6 19. Bf3 Bb7 20. Rfe1 Nd7 21. d6 exd6
22. Qa2+ Kh8 23. Bxb7 Qxb7 24. Nf7+ Rxf7 25. Qxf7 Rf8 26. Qe7 Ne8 27. Bxe5+ 1-0

[Event "Württ Kandidatenturnier"]
[Site "Stuttgart"]
[Date "2015.08.29"]
[Round "1.2"]
[White "Heer, Till"]
[Black "Holzinger, Eugen"]
[Result "1-0"]
[WhiteElo "1912"]
[BlackElo "2065"]
[PlyCount "41"]
[EventDate "2015.??.??"]
[EventCountry "GER"]
[WhiteTeam "SF Kornwestheim"]
[BlackTeam "SF HN-Biberach"]

1. e4 d6 2. d4 Nf6 3. Nc3 g6 4. f4 Bg7 5. Nf3 O-O 6. e5 dxe5 7. fxe5 Nd5 8. Be2
Nc6 9. Nxd5 Qxd5 10. O-O Rd8 11. c3 Bxe5 12. dxe5 Qc5+ 13. Nd4 Nxe5 14. Be3 Be6
15. Qc1 Bc4 16. Nf5 Qb5 17. Bxc4 Nxc4 18. Nh6+ Kf8 19. Nxf7 Nxe3 20. Qxe3 Rd3
21. Qxd3 1-0

[Event "Württ Kandidatenturnier"]
[Site "Stuttgart"]
[Date "2015.08.29"]
[Round "1.3"]
[White "Pflaum, Stefan"]
[Black "Mierzwa, Robert"]
[Result "1/2-1/2"]
[WhiteElo "2064"]
[BlackElo "1900"]
[PlyCount "50"]
[EventDate "2015.??.??"]
[EventCountry "GER"]
[WhiteTeam "SC Botnang"]
[BlackTeam "SC Weiße Dame Ulm"]

1. c4 Nf6 2. Nc3 d5 3. cxd5 Nxd5 4. Nf3 Nxc3 5. bxc3 g6 6. g3 Bg7 7. Bg2 c5 8.
O-O Nc6 9. Rb1 O-O 10. Qa4 Qc7 11. Ba3 Bd7 12. Bxc5 b5 13. Qa3 a5 14. Rfc1 Rab8
15. Nd4 Ne5 16. d3 Bh6 17. f4 Ng4 18. Bxe7 Bxf4 19. Rf1 Be3+ 20. Kh1 b4 21.
Bxb4 axb4 22. Rxb4 Rxb4 23. Qxb4 Rb8 24. Qe7 Nf2+ 25. Kg1 Ng4+ 1/2-1/2

[Event "Württ Kandidatenturnier"]
[Site "Stuttgart"]
[Date "2015.08.29"]
[Round "1.4"]
[White "Schreiber, Hans"]
[Black "Wendler, Werner"]
[Result "1/2-1/2"]
[WhiteElo "1892"]
[BlackElo "2056"]
[PlyCount "117"]
[EventDate "2015.??.??"]
[EventCountry "GER"]
[WhiteTeam "SV Dicker Turm Esslingen"]
[BlackTeam "SK Bebenhausen"]

1. Nf3 d5 2. g3 g6 3. Bg2 Bg7 4. O-O e5 5. d3 Ne7 6. c4 d4 7. Qc2 O-O 8. b4 Nd7
9. Bd2 a5 10. bxa5 Nc6 11. Na3 Nxa5 12. Bb4 Re8 13. Qa4 Nb6 14. Qc2 Nc6 15. Qb3
Nxb4 16. Qxb4 Bf8 17. c5 Ra4 18. Qb3 Bxc5 19. Nc4 Rb4 20. Qc2 Nxc4 21. a3 Rb2
22. Qxc4 b6 23. h4 Qe7 24. Ng5 h6 25. Ne4 Rxe2 26. Bf3 Rxe4 27. Bxe4 Kg7 28. a4
Be6 29. Qb5 Bd7 30. Bc6 Bxc6 31. Qxc6 Bb4 32. Rac1 Bc3 33. Rc2 Qd8 34. Re2 Re6
35. Qc4 Qd6 36. f4 exf4 37. Rxe6 Qxe6 38. Qxe6 fxe6 39. Rxf4 g5 40. hxg5 hxg5
41. Re4 Kf6 42. g4 Ke7 43. Kf2 Kd6 44. Ke2 Kd5 45. Kd1 c5 46. Kc2 c4 47. Re2
cxd3+ 48. Kxd3 Bb4 49. Rb2 Bc5 50. Re2 Bd6 51. Rb2 Bc5 52. Re2 e5 53. Re4 Bb4
54. Re2 Ba5 55. Re4 Bc3 56. Re2 Bb4 57. Re4 Ba3 58. Re1 Bb4 59. Re4 1/2-1/2

[Event "Württ Kandidatenturnier"]
[Site "Stuttgart"]
[Date "2015.08.29"]
[Round "1.5"]
[White "Andreev, Vlad"]
[Black "Freiherr von Hauff, Christopher V"]
[Result "1-0"]
[WhiteElo "2046"]
[BlackElo "1858"]
[PlyCount "67"]
[EventDate "2015.??.??"]
[EventCountry "GER"]
[WhiteTeam "SF Pfullingen"]
[BlackTeam "SK Bebenhausen"]

1. d4 f5 2. c4 Nf6 3. Nc3 d6 4. h4 Nc6 5. Nf3 g6 6. Bf4 Bg7 7. d5 Nb8 8. e3 e5
9. dxe6 Bxe6 10. Nd4 Bf7 11. Qf3 c6 12. Rd1 d5 13. h5 Ne4 14. hxg6 hxg6 15.
Rxh8+ Bxh8 16. cxd5 Qa5 17. Bd3 Nxc3 18. bxc3 Qxc3+ 19. Kf1 Bxd5 20. Qg3 Nd7
21. Qxg6+ Bf7 22. Qxf5 Bxd4 23. exd4 Qxd4 24. Be2 Qg7 25. Qxd7+ Kf8 26. Qxb7
Re8 27. Qxc6 Qb2 28. Qd6+ Kg8 29. Qd2 Qh8 30. Bh6 Re6 31. Qg5+ Kh7 32. Bd3+ Bg6
33. Bxg6+ Rxg6 34. Rd7+ 1-0

[Event "Württ Kandidatenturnier"]
[Site "Stuttgart"]
[Date "2015.08.29"]
[Round "1.6"]
[White "Wendler, David"]
[Black "Maisch, Julian"]
[Result "0-1"]
[WhiteElo "1857"]
[BlackElo "2042"]
[PlyCount "152"]
[EventDate "2015.??.??"]
[EventCountry "GER"]
[WhiteTeam "SK Bebenhausen"]
[BlackTeam "SF Kornwestheim"]

1. e4 c5 2. d4 cxd4 3. c3 d3 4. Bxd3 Nc6 5. c4 Nf6 6. Nc3 e6 7. Nf3 d6 8. O-O
Be7 9. Bf4 a6 10. Qe2 e5 11. Bg5 Bg4 12. Bxf6 Bxf6 13. Qe3 Nd4 14. Nd5 Bxf3 15.
gxf3 Ne6 16. Bc2 Bg5 17. Qb6 Qd7 18. Qb4 O-O 19. Nb6 Qe7 20. Nxa8 Nd4 21. Kh1
Bf4 22. Rg1 Nxc2 23. Qa4 Nxa1 24. Nb6 Qh4 25. Rg2 Qh3 26. Qd1 Nc2 27. Qxc2 Qxf3
28. Nd5 h5 29. Qb3 Qxb3 30. axb3 g6 31. f3 Bh6 32. Kg1 Rb8 33. Nf6+ Kh8 34. Kf1
b5 35. Nd5 bxc4 36. bxc4 Rb3 37. Rf2 Bc1 38. Nc7 Bxb2 39. Nxa6 Bd4 40. Re2
Rxf3+ 41. Kg2 Rb3 42. Nc7 Rb2 43. Rxb2 Bxb2 44. Nb5 Kg8 45. Nxd6 Kf8 46. Kf3
Ke7 47. Nb7 Ba3 48. Na5 Kd7 49. Nb3 Bb4 50. Ke3 f5 51. exf5 gxf5 52. Nc1 Bc5+
53. Kf3 Ke6 54. Ne2 h4 55. Nc3 Bf8 56. Ke3 Bh6+ 57. Kd3 h3 58. Ne2 e4+ 59. Kd4
Bg7+ 60. Ke3 Ke5 61. Ng1 f4+ 62. Ke2 Bf8 63. Nxh3 f3+ 64. Kf1 Kf5 65. Ke1 e3
66. Ng1 f2+ 67. Kf1 fxg1=Q+ 68. Kxg1 Kg4 69. Kg2 Bc5 70. Kf1 Kf3 71. Ke1 Bb4+
72. Kd1 e2+ 73. Kc2 e1=Q 74. h4 Qc3+ 75. Kb1 Ba3 76. Ka2 Qb2# 0-1

[Event "Württ Kandidatenturnier"]
[Site "Stuttgart"]
[Date "2015.08.29"]
[Round "1.7"]
[White "Kunert, Günter"]
[Black "Lenz, Reiner"]
[Result "1-0"]
[WhiteElo "2040"]
[BlackElo "1855"]
[PlyCount "63"]
[EventDate "2015.??.??"]
[EventCountry "GER"]
[WhiteTeam "SV Dicker Turm Esslingen"]
[BlackTeam "SC Grunbach"]

1. e4 c5 2. Nf3 Nc6 3. d4 cxd4 4. Nxd4 g6 5. Nc3 Bg7 6. Be3 d6 7. Qd2 Nf6 8. f3
Bd7 9. g4 Qc8 10. h4 h5 11. g5 Nh7 12. Nd5 Ne5 13. Rd1 Nc4 14. Bxc4 Qxc4 15.
Qa5 b6 16. Nxb6 Qc7 17. Qd5 Rb8 18. Nxd7 Qxd7 19. b3 Rc8 20. Qa5 Rc5 21. Qd2
O-O 22. c4 Qb7 23. Nb5 Rfc8 24. Bxc5 Rxc5 25. Qe3 f5 26. Rd5 a6 27. Nd4 f4 28.
Qd2 Rxd5 29. exd5 Qb6 30. Nc6 e5 31. Kf1 Nf8 32. Qf2 1-0

[Event "Württ Kandidatenturnier"]
[Site "Stuttgart"]
[Date "2015.08.29"]
[Round "1.8"]
[White "Stark, Timo"]
[Black "Quernheim, Daniel"]
[Result "0-1"]
[WhiteElo "1851"]
[BlackElo "2035"]
[PlyCount "74"]
[EventDate "2015.??.??"]
[EventCountry "GER"]
[WhiteTeam "SC Neckarsulm"]
[BlackTeam "SC Botnang"]

1. d4 c5 2. c3 Nf6 3. Nf3 e6 4. g3 Nc6 5. Bg2 d5 6. O-O Bd6 7. Nbd2 cxd4 8.
cxd4 Qb6 9. e3 O-O 10. Qb3 Bd7 11. Qxb6 axb6 12. b3 Nb4 13. a4 Bb5 14. Rd1 Be2
15. Re1 Bxf3 16. Bxf3 Nc2 17. Bb2 Bb4 18. Red1 Nxa1 19. Bxa1 b5 20. Nf1 bxa4
21. bxa4 Rfc8 22. g4 Rxa4 23. Ng3 Rc2 24. Rb1 Rca2 25. Bb2 Bd2 26. Nf1 Rb4 27.
Nxd2 Rbxb2 28. Rc1 Rc2 29. Rxc2 Rxc2 30. Nb3 b6 31. Kf1 Rb2 32. Bd1 Nxg4 33.
Ke1 Nxf2 34. Nc1 Nxd1 35. Kxd1 Rb1 36. Kc2 Rxc1+ 37. Kxc1 h5 0-1

[Event "Württ Kandidatenturnier"]
[Site "Stuttgart"]
[Date "2015.08.29"]
[Round "1.9"]
[White "Meier, Michael"]
[Black "Ruff, Robert"]
[Result "0-1"]
[WhiteElo "2013"]
[BlackElo "1841"]
[PlyCount "114"]
[EventDate "2015.??.??"]
[EventCountry "GER"]
[WhiteTeam "SSV Zuffenhausen"]
[BlackTeam "SK Sachsenheim"]

1. d4 d5 2. c4 e6 3. Nc3 Nf6 4. Bg5 Nbd7 5. e3 c6 6. cxd5 exd5 7. Bd3 Be7 8.
Nge2 O-O 9. Qc2 h6 10. Bh4 Nh5 11. Bxe7 Qxe7 12. O-O-O a5 13. g4 Nhf6 14. Rdg1
Ne8 15. h4 g6 16. Nf4 Qd6 17. Nce2 Ng7 18. Ng3 c5 19. Nxg6 fxg6 20. Bxg6 cxd4
21. g5 d3 22. Bxd3 h5 23. Qe2 Ne5 24. Bc2 Bg4 25. Qd2 Rac8 26. Kb1 Nf3 27. Qd3
Rxc2 28. Qxc2 Rc8 29. Qd3 Nxg1 30. Rxg1 Bf3 31. e4 Bg4 32. f3 Qc5 33. Rd1 Bxf3
34. Qxd5+ Qxd5 35. Rxd5 b6 36. Rd6 b5 37. Rb6 Rc5 38. b3 b4 39. Kb2 Re5 40. Ra6
Bxe4 41. Nxe4 Rxe4 42. Rxa5 Rxh4 43. Kc2 Rd4 44. g6 Rf4 45. a3 h4 46. axb4 h3
47. Ra1 Nf5 48. Kc3 h2 49. b5 Ng3 50. b6 h1=Q 51. Rxh1 Nxh1 52. b4 Ng3 53. b7
Rf8 54. Kd4 Rb8 55. Kc5 Rxb7 56. b5 Ne4+ 57. Kc6 Nd6 0-1

[Event "Württ Kandidatenturnier"]
[Site "Stuttgart"]
[Date "2015.08.29"]
[Round "1.10"]
[White "Lüdke, Joshua"]
[Black "Schuster, Gerhard"]
[Result "1-0"]
[WhiteElo "1823"]
[BlackElo "2011"]
[PlyCount "91"]
[EventDate "2015.??.??"]
[EventCountry "GER"]
[WhiteTeam "SV Marbach"]
[BlackTeam "SC Feuerbach"]

1. d4 Nf6 2. c4 e6 3. Nf3 b6 4. Bg5 Be7 5. Nc3 Bb7 6. e3 O-O 7. Bd3 c5 8. dxc5
bxc5 9. Qc2 h6 10. h4 Nc6 11. a3 d5 12. Bxf6 Bxf6 13. O-O-O d4 14. Ne4 Qe7 15.
g4 dxe3 16. fxe3 Be5 17. Ned2 g6 18. h5 g5 19. Nxe5 Nxe5 20. Rhg1 Rfd8 21. Be4
Rab8 22. Bxb7 Qxb7 23. Ne4 Rxd1+ 24. Rxd1 Nxg4 25. Rg1 Nxe3 26. Nf6+ Kg7 27.
Qc3 e5 28. Qxe5 Qxb2+ 29. Qxb2 Rxb2 30. Ne8+ Kf8 31. Kxb2 Nxc4+ 32. Kc3 Nxa3
33. Nc7 a6 34. Nxa6 Nb5+ 35. Kc4 Nd4 36. Nxc5 Ne2 37. Rh1 f5 38. Kd5 f4 39. Ne4
Kg7 40. Nf2 Ng3 41. Rh3 Kf6 42. Ng4+ Kg7 43. Ke5 Kh7 44. Kf6 Ne4+ 45. Kf7 Kh8
46. Kg6 1-0

[Event "Württ Kandidatenturnier"]
[Site "Stuttgart"]
[Date "2015.08.29"]
[Round "1.11"]
[White "Kolb, Roland"]
[Black "Baumeister, Jürgen"]
[Result "1-0"]
[WhiteElo "2007"]
[BlackElo "1823"]
[PlyCount "85"]
[EventDate "2015.??.??"]
[EventCountry "GER"]
[WhiteTeam "SF Oeffingen"]
[BlackTeam "SC Asperg"]

1. e4 c5 2. b3 Nc6 3. Bb2 e5 4. Nf3 d6 5. Be2 Be6 6. O-O Be7 7. Bb5 Bf6 8. c3
Bg4 9. h3 Bh5 10. Na3 Nge7 11. g4 Bg6 12. g5 Bxe4 13. gxf6 gxf6 14. Qe2 Bf5 15.
Kh2 Qd7 16. Rg1 Bxh3 17. Rg3 Bg4 18. Nc4 d5 19. Ne3 Be6 20. d4 e4 21. Nh4 f5
22. Neg2 Ng6 23. Bc1 O-O-O 24. Bg5 f6 25. Bf4 Rdg8 26. Rd1 Nxf4 27. Nxf4 Rxg3
28. fxg3 Rg8 29. dxc5 Qg7 30. Rg1 Qd7 31. Qe3 Rg4 32. Rd1 Qe7 33. c4 d4 34. Qe1
Ne5 35. Qa5 Rxh4+ 36. gxh4 Nf3+ 37. Kh1 Bd7 38. c6 bxc6 39. Qxa7 Qd6 40. Qa8+
Kc7 41. Qa5+ Kb7 42. Ba6+ Ka7 43. c5 1-0

[Event "Württ Kandidatenturnier"]
[Site "Stuttgart"]
[Date "2015.08.29"]
[Round "1.12"]
[White "Zimmermann, Tobias"]
[Black "Junginger, Andreas"]
[Result "1/2-1/2"]
[WhiteElo "1804"]
[BlackElo "1999"]
[PlyCount "55"]
[EventDate "2015.??.??"]
[EventCountry "GER"]
[WhiteTeam "SC Botnang"]
[BlackTeam "SV Reutlingen"]

1. e4 Nf6 2. e5 Nd5 3. c4 Nb6 4. d4 d6 5. Nf3 Bg4 6. exd6 exd6 7. Be3 Be7 8.
Be2 O-O 9. O-O Nc6 10. Nbd2 Bf6 11. Qc2 g6 12. a3 Bf5 13. Bd3 Bxd3 14. Qxd3 Bg7
15. b4 d5 16. Rac1 dxc4 17. Nxc4 Nd5 18. Rfd1 a6 19. Qc2 Re8 20. Qb3 Nce7 21.
Nce5 c6 22. Ng5 Rf8 23. Ne4 Nf5 24. Nc5 Nfxe3 25. fxe3 Qg5 26. Nf3 Qxe3+ 27.
Qxe3 Nxe3 28. Rd3 1/2-1/2

[Event "Württ Kandidatenturnier"]
[Site "Stuttgart"]
[Date "2015.08.29"]
[Round "1.14"]
[White "Schreiber, Stephan"]
[Black "Klaiß, Thomas"]
[Result "0-1"]
[WhiteElo "1792"]
[BlackElo "1979"]
[PlyCount "60"]
[EventDate "2015.??.??"]
[EventCountry "GER"]
[WhiteTeam "SC Botnang"]
[BlackTeam "SF Dornstetten-Pfalzgrafenweiler"]

1. d4 e6 2. Bf4 Nf6 3. e3 Be7 4. c4 d5 5. c5 O-O 6. Bd3 b6 7. b4 a5 8. bxa5
bxc5 9. dxc5 Bxc5 10. Nf3 Bb4+ 11. Nbd2 Bxa5 12. h3 c5 13. O-O c4 14. Bc2 Ba6
15. Re1 Nc6 16. a3 Bc3 17. Rb1 e5 18. Ba4 exf4 19. Bxc6 fxe3 20. fxe3 Ra7 21.
Nd4 Bxd4 22. exd4 Qc7 23. Ba4 Bc8 24. Nf3 Bf5 25. Rb5 Qg3 26. Re2 Bxh3 27. Ne1
Bg4 28. Bc2 Rxa3 29. Qd2 Bxe2 30. Qxe2 Re3 0-1

[Event "Württ Kandidatenturnier"]
[Site "Stuttgart"]
[Date "2015.08.29"]
[Round "1.15"]
[White "Imhof, Thomas"]
[Black "Langjahr, Marius"]
[Result "1/2-1/2"]
[WhiteElo "1950"]
[BlackElo "1784"]
[PlyCount "41"]
[EventDate "2015.??.??"]
[EventCountry "GER"]
[WhiteTeam "SGem Vaihingen-Rohr"]
[BlackTeam "SK Sachsenheim"]

1. g3 d5 2. Bg2 Nf6 3. Nf3 e6 4. d4 c5 5. c3 Nc6 6. O-O Bd7 7. b3 cxd4 8. cxd4
Bd6 9. Ba3 Bxa3 10. Nxa3 O-O 11. Nc2 Qe7 12. Qd3 Nb4 13. Qd2 Nxc2 14. Qxc2 Rfc8
15. Qb2 Rc7 16. Rac1 Rac8 17. Rxc7 Rxc7 18. Rc1 Qd8 19. Ne5 Bb5 20. e3 Nd7 21.
Rxc7 1/2-1/2

[Event "Württ Kandidatenturnier"]
[Site "Stuttgart"]
[Date "2015.08.29"]
[Round "1.17"]
[White "Löwe, Joachim"]
[Black "Yi, Danny"]
[Result "1-0"]
[WhiteElo "1936"]
[BlackElo "1745"]
[PlyCount "75"]
[EventDate "2015.??.??"]
[EventCountry "GER"]
[WhiteTeam "SK Schmiden/Cannstatt"]
[BlackTeam "SF Kornwestheim"]

1. Nf3 d5 2. e3 Nf6 3. c4 c6 4. d4 Bf5 5. cxd5 cxd5 6. Qb3 Qc7 7. Nc3 e6 8. Bd2
Be7 9. Rc1 Nc6 10. Ne5 O-O 11. Nxc6 bxc6 12. Qd1 Qb6 13. Na4 Qb7 14. f3 Rac8
15. Be2 Bd6 16. Ba5 Bb4+ 17. Bxb4 Qxb4+ 18. Rc3 Nd7 19. a3 Qd6 20. b4 Rfe8 21.
O-O e5 22. Qd2 Qg6 23. Kh1 e4 24. f4 Bg4 25. Rfc1 Bxe2 26. Qxe2 Re6 27. Qa6 Rc7
28. Qa5 Rc8 29. Qxa7 Nf8 30. Qb7 Rce8 31. Rxc6 Qg4 32. R6c2 Rd6 33. Nc5 Ng6 34.
Qb5 Rc8 35. Qe2 Qf5 36. g4 Qf6 37. Nxe4 dxe4 38. Rxc8+ 1-0

[Event "Württ Kandidatenturnier"]
[Site "Stuttgart"]
[Date "2015.08.29"]
[Round "1.18"]
[White "Offergeld, Detlef"]
[Black "Petzelberger, Ferdinand"]
[Result "1/2-1/2"]
[WhiteElo "1721"]
[BlackElo "1934"]
[PlyCount "125"]
[EventDate "2015.??.??"]
[EventCountry "GER"]
[WhiteTeam "SF HN-Biberach"]
[BlackTeam "VfL Sindelfingen"]

1. e4 c6 2. d4 d5 3. e5 Bf5 4. Nf3 e6 5. Be2 Ne7 6. Nbd2 Bg6 7. O-O Nf5 8. Re1
Be7 9. Nf1 O-O 10. Ne3 c5 11. c3 Nc6 12. Nxf5 Bxf5 13. Be3 Qb6 14. Qd2 cxd4 15.
Nxd4 Nxd4 16. Bxd4 Bc5 17. Rac1 Rac8 18. h4 h6 19. g4 Bh7 20. Kg2 Rc6 21. g5
hxg5 22. hxg5 Bxd4 23. cxd4 Rfc8 24. Rxc6 Rxc6 25. Bd3 Bxd3 26. Qxd3 Qxb2 27.
Rh1 Rc2 28. Qh7+ Kf8 29. Qh8+ Ke7 30. Qh4 Ke8 31. g6 fxg6 32. Qf4 Qb4 33. Rh8+
Kd7 34. Qf7+ Qe7 35. Qxg6 Rc8 36. Rh7 Rg8 37. f4 b5 38. f5 exf5 39. Qxf5+ Qe6
40. Qg5 Qe7 41. Qg6 a5 42. Kf2 Qe6 43. Rxg7+ Rxg7 44. Qxg7+ Kc8 45. Qf8+ Kd7
46. Qg7+ Kc6 47. Qg5 b4 48. Qc1+ Kb7 49. Qc5 Qf5+ 50. Kg3 Qg5+ 51. Kf3 Qf5+ 52.
Ke2 Qe4+ 53. Kf2 Qf4+ 54. Ke2 Qe4+ 55. Kf2 Qf4+ 56. Ke2 Qh2+ 57. Ke3 Qg3+ 58.
Ke2 Qg2+ 59. Ke3 Qg3+ 60. Ke2 Qg4+ 61. Kf2 Qf4+ 62. Ke2 Qe4+ 63. Kf2 1/2-1/2

[Event "Württ Kandidatenturnier"]
[Site "Stuttgart"]
[Date "2015.08.29"]
[Round "1.19"]
[White "Klaus, Daniel"]
[Black "Bauer, Dieter"]
[Result "1-0"]
[WhiteElo "1933"]
[BlackElo "1704"]
[PlyCount "99"]
[EventDate "2015.??.??"]
[EventCountry "GER"]
[WhiteTeam "SC Feuerbach"]
[BlackTeam "SF Kornwestheim"]

1. e4 d6 2. d4 e5 3. dxe5 dxe5 4. Qxd8+ Kxd8 5. Nf3 Bd6 6. Ng5 Ke7 7. Bc4 Be6
8. Nxe6 fxe6 9. Be3 Nf6 10. Nd2 a6 11. f3 Nc6 12. O-O-O b5 13. Bf1 Rhb8 14. Nb3
a5 15. c3 Nd7 16. Kb1 a4 17. Nc1 Na5 18. Nd3 Nc4 19. Bg5+ Nf6 20. Nb4 Kd7 21.
Bxc4 bxc4 22. a3 c5 23. Nc2 Kc6 24. Ne3 Rb3 25. Nxc4 Bc7 26. Bxf6 gxf6 27. g4
Rb7 28. h4 f5 29. g5 fxe4 30. fxe4 Rf8 31. Rhf1 Rf4 32. Rxf4 exf4 33. h5 Rb8
34. Rg1 Kb5 35. Nd2 Rd8 36. Kc2 c4 37. g6 hxg6 38. hxg6 Rg8 39. g7 Bb6 40. Rg5+
Bc5 41. Nf3 Kb6 42. Ne5 Be7 43. Nxc4+ Kc7 44. Rg6 f3 45. Nd2 f2 46. Nf1 Kd7 47.
Kd3 Bc5 48. Ke2 Ke7 49. Rg5 Kd6 50. Nh2 1-0

[Event "Württ Kandidatenturnier"]
[Site "Stuttgart"]
[Date "2015.08.29"]
[Round "1.20"]
[White "Tölg, Wolfgang"]
[Black "Zeyher, Marius"]
[Result "0-1"]
[WhiteElo "1691"]
[BlackElo "1918"]
[PlyCount "90"]
[EventDate "2015.??.??"]
[EventCountry "GER"]
[WhiteTeam "SF Oeffingen"]
[BlackTeam "SpVgg Rommelshausen"]

1. e4 e6 2. d4 d5 3. e5 c5 4. c3 Nc6 5. Nf3 Bd7 6. Bd3 cxd4 7. cxd4 Nb4 8. Be2
f6 9. a3 Nc6 10. O-O fxe5 11. dxe5 Bc5 12. Bg5 Nge7 13. Qd2 O-O 14. Nc3 a6 15.
Rac1 Ba7 16. Bd1 Qe8 17. Bc2 Qh5 18. Bf4 Rad8 19. h3 Ng6 20. Bxg6 Qxg6 21. Kh2
Na5 22. Bg5 Nb3 23. Qc2 Qxc2 24. Rxc2 Rc8 25. Ne1 d4 26. Ne4 Bb5 27. Rxc8 Rxc8
28. Nd6 Bxf1 29. Nxc8 Bc5 30. Nd6 d3 31. Ne4 Bd4 32. Nd2 Nxd2 33. Bxd2 Bxb2 34.
a4 Bxe5+ 35. f4 Bd6 36. Kg3 Be2 37. Kf2 Kf7 38. g3 Bc5+ 39. Kg2 Kf6 40. a5 e5
41. fxe5+ Kxe5 42. Nf3+ Bxf3+ 43. Kxf3 Kd4 44. Kf4 Ba3 45. Kf5 Bb2 0-1

[Event "Württ Kandidatenturnier"]
[Site "Stuttgart"]
[Date "2015.08.29"]
[Round "1.21"]
[White "Bangert, Udo"]
[Black "Nam, Seung-Zin"]
[Result "1-0"]
[WhiteElo "1917"]
[BlackElo "1608"]
[PlyCount "75"]
[EventDate "2015.??.??"]
[EventCountry "GER"]
[WhiteTeam "SC Grunbach"]
[BlackTeam "SK Bebenhausen"]

1. d4 f5 2. Nf3 Nf6 3. g3 e6 4. Bg2 c6 5. O-O d5 6. a3 Be7 7. Nbd2 Ne4 8. Ne5
O-O 9. f3 Nd6 10. c3 f4 11. g4 Nf7 12. Nd3 Nh8 13. Nb3 Ng6 14. e3 fxe3 15. Bxe3
Bd6 16. f4 Qc7 17. Ne5 Nh4 18. Qd2 b6 19. Nc1 Ba6 20. Ncd3 Nxg2 21. Kxg2 c5 22.
Rf2 c4 23. Ne1 Nd7 24. Nxd7 Qxd7 25. Nf3 e5 26. dxe5 Qxg4+ 27. Kf1 d4 28. Qxd4
Be7 29. Qd5+ Kh8 30. Rg2 Qh3 31. Kf2 Rad8 32. Qe4 Rd3 33. Rg3 Qd7 34. e6 Qc7
35. Rh3 h6 36. Bd4 Bc5 37. Rxh6+ Kg8 38. Qh7# 1-0

[Event "Württ Kandidatenturnier"]
[Site "Stuttgart"]
[Date "2015.08.30"]
[Round "2.1"]
[White "Klaiß, Thomas"]
[Black "Mareck, Sascha"]
[Result "0-1"]
[WhiteElo "1979"]
[BlackElo "2165"]
[PlyCount "88"]
[EventDate "2015.??.??"]
[EventCountry "GER"]
[WhiteTeam "SF Dornstetten-Pfalzgrafenweiler"]
[BlackTeam "SV Nürtingen"]

1. e4 c5 2. Nf3 d6 3. b3 e5 4. Bb5+ Nc6 5. O-O Nf6 6. d3 Be7 7. Bxc6+ bxc6 8.
h3 O-O 9. Nbd2 Ne8 10. Nh2 f5 11. exf5 Bxf5 12. Nc4 Be6 13. Ne3 Nc7 14. Qe2 Qd7
15. Bd2 Rf7 16. f3 Bh4 17. Nhg4 Qe7 18. Kh2 h5 19. Nf2 Bd7 20. g3 Bg5 21. Ne4
Bh6 22. Ng2 Bxd2 23. Qxd2 Ne6 24. Qe3 Raf8 25. Rf2 d5 26. Nd2 Nd4 27. Rc1 Qe6
28. g4 hxg4 29. hxg4 Qd6 30. c3 Bxg4 31. Rcf1 Bc8 32. Re1 Nc2 33. Qxe5 Qh6+ 34.
Kg1 Nxe1 35. Qxe1 Rf5 36. Qe3 Qxe3 37. Nxe3 Re5 38. Nc2 Bf5 39. d4 Re6 40. Na3
cxd4 41. cxd4 Re1+ 42. Kg2 Rf6 43. Nf1 Bd3 44. Ng3 Rd1 0-1

[Event "Württ Kandidatenturnier"]
[Site "Stuttgart"]
[Date "2015.08.30"]
[Round "2.2"]
[White "Löwe, Joachim"]
[Black "Andreev, Vlad"]
[Result "1/2-1/2"]
[WhiteElo "1936"]
[BlackElo "2046"]
[PlyCount "31"]
[EventDate "2015.??.??"]
[EventCountry "GER"]
[WhiteTeam "SK Schmiden/Cannstatt"]
[BlackTeam "SF Pfullingen"]

1. d4 Nf6 2. e3 e6 3. Nf3 b6 4. Bd3 Bb7 5. Qe2 c5 6. c3 Be7 7. O-O d6 8. e4
Nbd7 9. Bg5 h6 10. Bd2 Qc7 11. Na3 a6 12. h3 O-O 13. Rac1 b5 14. Nh2 Qb6 15.
Nf3 Rac8 16. Bf4 1/2-1/2

[Event "Württ Kandidatenturnier"]
[Site "Stuttgart"]
[Date "2015.08.30"]
[Round "2.3"]
[White "Maisch, Julian"]
[Black "Klaus, Daniel"]
[Result "1/2-1/2"]
[WhiteElo "2042"]
[BlackElo "1933"]
[PlyCount "92"]
[EventDate "2015.??.??"]
[EventCountry "GER"]
[WhiteTeam "SF Kornwestheim"]
[BlackTeam "SC Feuerbach"]

1. e4 c5 2. Nf3 e6 3. g3 b6 4. Bg2 Bb7 5. Nc3 Nc6 6. O-O Rc8 7. Re1 Be7 8. d3
d6 9. e5 dxe5 10. Nxe5 Nf6 11. Nxc6 Bxc6 12. Bxc6+ Rxc6 13. Qf3 Rc8 14. a4 Qd7
15. a5 b5 16. a6 b4 17. Ne4 Qc6 18. Nxf6+ Bxf6 19. Qxc6+ Rxc6 20. Ra5 O-O 21.
Re4 Bd4 22. Be3 f5 23. Rh4 Rd8 24. Kf1 Bxe3 25. fxe3 b3 26. Rc4 bxc2 27. d4 e5
28. Rxc2 exd4 29. exd4 Rxd4 30. Rcxc5 Rdd6 31. Rxc6 Rxc6 32. b4 g6 33. Ke2 Rd6
34. Ke3 Kg7 35. Rb5 Rxa6 36. Rb7+ Kf6 37. Kd4 h5 38. h4 g5 39. hxg5+ Kxg5 40.
Ke5 Ra3 41. Rg7+ Kh6 42. Rg8 Rb3 43. Kf6 Kh7 44. Rg7+ Kh8 45. Rxa7 Rxb4 46.
Kxf5 Rg4 1/2-1/2

[Event "Württ Kandidatenturnier"]
[Site "Stuttgart"]
[Date "2015.08.30"]
[Round "2.4"]
[White "Zeyher, Marius"]
[Black "Kunert, Günter"]
[Result "0-1"]
[WhiteElo "1918"]
[BlackElo "2040"]
[PlyCount "106"]
[EventDate "2015.??.??"]
[EventCountry "GER"]
[WhiteTeam "SpVgg Rommelshausen"]
[BlackTeam "SV Dicker Turm Esslingen"]

1. d4 Nf6 2. c4 e6 3. g3 d5 4. Nf3 c5 5. cxd5 exd5 6. Bg2 Nc6 7. O-O cxd4 8.
Nxd4 Qb6 9. Nb3 Be6 10. Nc3 Rd8 11. Bg5 Be7 12. Bxf6 Bxf6 13. Rc1 Nb4 14. a3
Bxc3 15. axb4 Bxb2 16. Rb1 Bc3 17. Nc5 O-O 18. Nxe6 fxe6 19. Qb3 Bd4 20. e3 Bf6
21. Bh3 a6 22. Rbd1 Rd6 23. Rd3 Rc6 24. Rfd1 Rfc8 25. Rb1 Rc3 26. Rxc3 Rxc3 27.
Qa4 Rc6 28. Qa5 Kf7 29. Bf1 Bc3 30. Qxb6 Rxb6 31. b5 a5 32. Rc1 Be5 33. f4 Bd6
34. Ra1 Bb4 35. Rc1 a4 36. Rc7+ Be7 37. Rc8 a3 38. Ra8 Bc5 39. Kf2 Rd6 40. Kf3
d4 41. exd4 Rxd4 42. Ke2 Rb4 43. Kd3 Rb2 44. Kc4 Rc2+ 45. Kb3 Rxh2 46. b6 Rb2+
47. Kc4 Be7 48. Ra7 Rxb6 49. Bg2 Ra6 50. Rxa6 bxa6 51. Kb3 h5 52. Be4 Bc5 53.
Bf3 g6 0-1

[Event "Württ Kandidatenturnier"]
[Site "Stuttgart"]
[Date "2015.08.30"]
[Round "2.5"]
[White "Quernheim, Daniel"]
[Black "Bangert, Udo"]
[Result "1/2-1/2"]
[WhiteElo "2035"]
[BlackElo "1917"]
[PlyCount "107"]
[EventDate "2015.??.??"]
[EventCountry "GER"]
[WhiteTeam "SC Botnang"]
[BlackTeam "SC Grunbach"]

1. d4 Nf6 2. c4 e6 3. Bg5 Bb4+ 4. Nd2 h6 5. Bh4 c5 6. a3 Bxd2+ 7. Qxd2 cxd4 8.
Nf3 d5 9. cxd5 Qxd5 10. Bxf6 gxf6 11. Qxd4 Qxd4 12. Nxd4 Bd7 13. e3 a6 14. Be2
Nc6 15. Nb3 b6 16. Rc1 Ke7 17. O-O Rhc8 18. Rc3 a5 19. Rfc1 a4 20. Bf3 axb3 21.
Bxc6 Rxc6 22. Rxc6 Bxc6 23. Rxc6 Rd8 24. g3 Rd2 25. Rxb6 Rxb2 26. Kg2 f5 27. a4
Rb1 28. a5 Ra1 29. a6 b2 30. Rxb2 Rxa6 31. Rb4 Ra8 32. Rh4 Rh8 33. h3 Kf6 34.
e4 fxe4 35. Rxe4 Rg8 36. Rf4+ Ke7 37. Rh4 Rg6 38. Kf3 f5 39. g4 Kf6 40. Rh5
fxg4+ 41. hxg4 Kg7 42. Ra5 Kf6 43. Rh5 Kg7 44. Kg3 Rg5 45. Rh1 e5 46. f3 Rg6
47. Re1 Kf6 48. f4 exf4+ 49. Kxf4 Kf7 50. Re5 Rf6+ 51. Kg3 Rf1 52. Rf5+ Rxf5
53. gxf5 Kf6 54. Kh4 1/2-1/2